| 000 | 00656nam a22002297a 4500 | ||
|---|---|---|---|
| 005 | 20170124110053.0 | ||
| 010 | _aA-352682 | ||
| 020 | _c00.00 | ||
| 035 | _aA-352682 | ||
| 037 | _bCen Lib/Ret | ||
| 040 |
_aDPL _bEN |
||
| 082 |
_a658.8 _bNEE |
||
| 100 |
_aNeelamegham,S. _925947 |
||
| 245 |
_aMarketing in India : _cby S. Neelamegham _bcase and readings / |
||
| 260 |
_aNew Delhi _bVikas Publishing House _c1998 |
||
| 270 |
_a576,Masjid Road Jangpura _bNew Delhi _e110014 |
||
| 300 |
_axii,940p. _c20cm(Hb) |
||
| 650 |
_aCommerce _94193 |
||
| 650 |
_aMarketing _zIndia _925948 |
||
| 700 | _925905 | ||
| 942 |
_2ddc _cEN _h658.8 _mNEE |
||
| 999 |
_c129291 _d129291 |
||